000 00682nam a2200265Ia 4500
001 15354
005 20240113235620.0
007 ta
008 051207s1960 a g b000 u asm u
020 _cHB
040 _aCotton College,Assam
041 _aasm
082 _a595.7
_bSo 21 P
100 _aSaikia, Jogendra Nath .
245 0 _aPatangar Katha /
_cJogendra Nath Saikia.
_hTextual Documents
250 _a1st ed. /
260 _aGauhati :
_bPublication Board, Assam ,
_c1960.
300 _a56p. :
_bill ;
_c22cm .
653 _aZoology
653 _aZoology-Insects
653 _aG-Zoology
942 _2ddc
_cBK
999 _c15340
_d15340